اقرأ كتابا في ساعة بأسلوب القراءة التصويرية / (رقم التسجيلة. 27952)

تفاصيل مارك
000 -الفاتح
حقل البيانات ثابتة الطول 00669nam a22002057a 4500
003 - محدد رقم الضبط
رقم الضبط OSt
005 - وقت وتاريخ اخر تعامل مع التسجيلة
رقم الضبط 20150408114118.0
008 - عناصر البيانات ثابتة الطول - معلومات عامة
حقل البيانات ثابتة الطول 130211s2009 ku o g |||| 00| 0 ara d
020 ## - الرقم الدولى المعيارى للكتب
الرقم الدولى المعيارى للكتاب 9789990668834
040 ## - مصدر الفهرسة
وكالة الفهرسة الأصلية MU
لغة الفهرسة ara
082 04 - رقم تصنيف ديوى العشرى
رقم الطبعة 21
رقم التصنيف 418.4
رقم المادة خ ي ا
100 1# - المدخل الرئيسى - إسم شخصى
الإسم الشخصى الخضر، يوسف
9 (RLIN) 21460
245 10 - بيان العنوان
العنوان اقرأ كتابا في ساعة بأسلوب القراءة التصويرية /
بيان المسئوليه,etc يوسف الخضر.
250 ## - بيان الطبعة
بيان الطبعة ط. 1.
260 ## - PUBLICATION, DISTRIBUTION, ETC. (IMPRINT)
مكان الناشر او الموزع حولي، الكويت :
اسم الناشر او الموزع دار اقرأ،
تاريخ النشر أو التوزيع 2009.
300 ## - الوصف المادى
التعداد 199 ص. :
تفاصيل ماديه اخرى للوعاء صور ؛
أبعاد الوعاء 24 سم.
650 #4 - المدخل الاضافى بالموضوع-مصطلح موضوعى
مصطلح موضوعي أو اسم جغرافي كعنصر مدخل القراءة.
650 #4 - المدخل الاضافى بالموضوع-مصطلح موضوعى
مصطلح موضوعي أو اسم جغرافي كعنصر مدخل القراءة
التقسيم الفرعي العام دراسة وتعليم.
9 (RLIN) 12666
942 ## - عناصر المدخل الإضافي( كوها)
مصدر التصنيف او مخطط الترفيف Dewey Decimal Classification
Koha [default] item type DVD
المقتنيات
حالة الفقد نموذج السعر الفعال حالة تلف ليس للاعارة رقم الطلب رقم النسخة تاريخ الاكتساب الموقع الحالي الباركود الفرع الرئيسي Date last seen نوع المادة فى نظام كوها مصدر التصنيف او خطة الترفيف Total Checkouts Date last checked out
  2013-03-10     418.4 خ ي ا ن 1 2013-02-11 المكتبة المركزية بالمجمعة (CL) 00111030 المكتبة المركزية بالمجمعة (CL) 2013-03-10 كتاب Dewey Decimal Classification    
  2013-03-10     418.4 خ ي ا ن 2 2013-02-11 المكتبة المركزية بالمجمعة (CL) 00111031 المكتبة المركزية بالمجمعة (CL) 2013-03-10 كتاب Dewey Decimal Classification    
  2013-03-10     418.4 خ ي ا ن 3 2013-02-11 المكتبة المركزية بالمجمعة (CL) 00111032 المكتبة المركزية بالمجمعة (CL) 2013-03-10 كتاب Dewey Decimal Classification    
  2013-03-10     418.4 خ ي ا ن 1 2013-02-11 مكتبة كلية التربية بالزلفى - طالبات (EZF) 00111033 مكتبة مجمع الكليات بالزلفى - طلاب (SZM) 2017-10-30 كتاب Dewey Decimal Classification 1 2017-10-25
  2013-03-10     418.4 خ ي ا ن 1 2013-02-11 مكتبة كلية العلوم و الدراسات الإنسانية برماح - طالبات (SRF) 00111035 مكتبة كلية العلوم و الدراسات الإنسانية برماح - طالبات (SRF) 2013-03-10 كتاب Dewey Decimal Classification    
  2013-03-10     418.4 خ ي ا ن 2 2013-02-11 مكتبة كلية العلوم و الدراسات الإنسانية برماح - طالبات (SRF) 00111036 مكتبة كلية العلوم و الدراسات الإنسانية برماح - طالبات (SRF) 2013-03-10 كتاب Dewey Decimal Classification    
  2013-03-10     418.4 خ ي ا ن 1 2013-02-11 مكتبة كلية العلوم و الدراسات الإنسانية برماح - طلاب (SRM) 00111037 مكتبة كلية العلوم و الدراسات الإنسانية برماح - طلاب (SRM) 2013-03-10 كتاب Dewey Decimal Classification    
  2013-03-10     418.4 خ ي ا ن 2 2013-02-11 مكتبة كلية العلوم و الدراسات الإنسانية برماح - طلاب (SRM) 00111038 مكتبة كلية العلوم و الدراسات الإنسانية برماح - طلاب (SRM) 2013-03-10 كتاب Dewey Decimal Classification    
  2013-03-10     418.4 خ ي ا ن 2 2013-02-11 مكتبة مجمع الكليات بالزلفى - طلاب (SZM) 00111034 مكتبة مجمع الكليات بالزلفى - طلاب (SZM) 2013-03-10 كتاب Dewey Decimal Classification